| 000 | 00417cam a22001337a 4500 | ||
|---|---|---|---|
| 008 | 180718b1947 xxu||||| |||| 00| 0 eng d | ||
| 082 | _aT394x42 R917 | ||
| 100 | _aRussell, Ronald S. | ||
| 245 |
_aImperial preference: its development and effects _cby Ronald S. Russell |
||
| 260 |
_aLondon _bThe Falcon Press _c1947 |
||
| 300 | _a167p. | ||
| 650 | _aGreat Britain --Colonies --Commerce | ||
| 650 | _aImperial preference | ||
| 999 |
_c434028 _d434028 |
||